UM Logo

A reference-feedforward-based damping method for virtual synchronous generator control / (Record no. 19526)

MARC details
000 -LEADER
fixed length control field 01179nam a22002537a 4500
003 - CONTROL NUMBER IDENTIFIER
control field OSt
005 - DATE AND TIME OF LATEST TRANSACTION
control field 20250827101438.0
008 - FIXED-LENGTH DATA ELEMENTS--GENERAL INFORMATION
fixed length control field 240305b ||||| |||| 00| 0 eng d
040 ## - CATALOGING SOURCE
Transcribing agency 0
082 ## - DEWEY DECIMAL CLASSIFICATION NUMBER
Classification number DPer 621.317 Ie21 July 2022 v. 37 n. 7
100 ## - MAIN ENTRY--PERSONAL NAME
Personal name Yu, Yun.
Relator term author.
9 (RLIN) 53995
245 ## - TITLE STATEMENT
Title A reference-feedforward-based damping method for virtual synchronous generator control /
Statement of responsibility, etc. Yun Yu, Sanjay K. Chaudhary, Gibran David Agundis Tinajero, Luona Xu, Nur Najihah Binti Abu Bakar, Juan C. Vasquez, and Josep M. Gurrero.
260 ## - PUBLICATION, DISTRIBUTION, ETC. (IMPRINT)
Place of publication, distribution, etc. New York ;
Name of publisher, distributor, etc. The Institute of Electrical and Electronics Engineers, Inc. ,
Date of publication, distribution, etc. July 2022.
300 ## - PHYSICAL DESCRIPTION
Extent volume 37, pages 7566-7571 :
Other physical details illustration ;
Dimensions 28 cm.
500 ## - GENERAL NOTE
General note IEEE Transaction on Power Electronics Society, vol. 37, no. 7, pages 7566-7571 ,July 2022.
700 ## - ADDED ENTRY--PERSONAL NAME
Personal name Yu, Yun.
Relator term author.
9 (RLIN) 53995
700 ## - ADDED ENTRY--PERSONAL NAME
Personal name Chaudhary, Sanjay K.
Relator term author.
9 (RLIN) 53996
700 ## - ADDED ENTRY--PERSONAL NAME
Personal name Tinajero, Gibran David Agundis.
Relator term author.
9 (RLIN) 53997
700 ## - ADDED ENTRY--PERSONAL NAME
Personal name Xu, Luona.
Relator term author.
9 (RLIN) 53998
700 ## - ADDED ENTRY--PERSONAL NAME
Personal name Bakar, Nur Najihah Binti Abu.
Relator term author.
9 (RLIN) 53999
700 ## - ADDED ENTRY--PERSONAL NAME
Personal name Vasquez, Juan C.
Relator term author.
9 (RLIN) 54000
700 ## - ADDED ENTRY--PERSONAL NAME
Personal name Gurrero, Josep M.
Relator term author.
9 (RLIN) 54001
942 ## - ADDED ENTRY ELEMENTS (KOHA)
Source of classification or shelving scheme Dewey Decimal Classification
Koha item type Periodicals
Holdings
Withdrawn status Lost status Source of classification or shelving scheme Damaged status Not for loan Collection code Home library Current library Date acquired Total Checkouts Full call number Date last seen Price effective from Koha item type Public note
    Dewey Decimal Classification     Periodicals UM Digos College - LIC UM Digos College - LIC 03/05/2024   DPer 621.317 Ie21 July 2022 v. 37 n. 7 03/05/2024 03/05/2024 Periodicals Periodical Article